000 00792cam a2200205 4500
001 WB3737-16
008 011004n2001 000 0 eng u
035 _a(Sirsi) u115008
245 _aConfidence the key for outlook
260 _c2001
490 _aNationwide Quarterly Review of House Prices
_v Autumn 2001 (2)
520 _aThe latest quarterly review of house prices from the Nationwide reveals that September sees a steep rise in prices, although the short term outlook is uncertain in the wake of the US attacks. Nationwide predictsa slowdown in house price growth in 2002.
590 _aWB
650 _aNATIONWIDE
650 _aHOUSE PRICES
650 _aSLOWDOWN
650 _aGROWTH
690 _aPROPERTY-RESIDENTIAL PROPERTY-RESIDENTIAL PROPERTY MARKET
942 _n0
999 _c68489
_d68489